[Event "V Open B"]
[Site "Assisi ITA"]
[Date "2010.12.18"]
[Round "4"]
[White "Sorbelli, Massimo"]
[Black "Herbert, Michael"]
[Result "1/2-1/2"]
[WhiteElo "1899"]
[BlackElo "1820"]
[PlyCount "111"]
[EventDate "2010.12.17"]

1. d4 g6 2. e4 Bg7 3. Be3 d6 4. Bc4 c5 5. c3 Nf6 6. f3 cxd4 7. Bxd4 O-O 8. Ne2
Nc6 9. Be3 Qc7 10. Nd2 Ne5 11. Qb3 Nxc4 12. Qxc4 Qxc4 13. Nxc4 Be6 14. Na5 Bd7
15. Rd1 b6 16. Nb3 Ba4 17. Ned4 Nd7 18. Rb1 Ne5 19. Nd2 Rac8 20. Ke2 Rc7 21. b3
Bd7 22. c4 Rfc8 23. h3 Bc6 24. f4 Nd7 25. Nxc6 Rxc6 26. g4 Nc5 27. Bxc5 bxc5
28. h4 e6 29. h5 Ra6 30. a4 Rb6 31. Rh3 Rcb8 32. Rd3 Kf8 33. hxg6 hxg6 34. Rh1
Ke7 35. Rdh3 Rg8 36. Rh7 Bc3 37. R1h3 Bf6 38. e5 dxe5 39. fxe5 Bxe5 40. Ne4 Bd4
41. Rf3 Rg7 42. Rxg7 Bxg7 43. Nxc5 f5 44. gxf5 gxf5 45. a5 Rc6 46. Nd3 Bc3 47.
c5 Bxa5 48. b4 Bxb4 49. Nxb4 Rxc5 50. Ra3 a5 51. Rxa5 Rxa5 52. Nc6+ Kd6 53.
Nxa5 Kd5 54. Nb3 e5 55. Nd2 e4 56. Ke3 1/2-1/2

[Event "V Open B"]
[Site "Assisi ITA"]
[Date "2010.12.18"]
[Round "4"]
[White "Trasciatti, Mirko"]
[Black "Malek, Dellair"]
[Result "1-0"]
[WhiteElo "1921"]
[BlackElo "2122"]
[PlyCount "137"]
[EventDate "2010.12.17"]

1. e4 e5 2. f4 Nc6 3. Nf3 Bc5 4. fxe5 Nxe5 5. c3 Nxf3+ 6. Qxf3 Qg5 7. Na3 Qh4+
8. g3 Qf6 9. Bg2 Qxf3 10. Bxf3 Ne7 11. d4 Bb6 12. Nc4 O-O 13. a4 c6 14. Nxb6
axb6 15. b4 d5 16. O-O dxe4 17. Bxe4 Be6 18. Bf4 Bc4 19. Rfe1 Rfe8 20. Bf3 Bd5
21. Bxd5 Nxd5 22. Bd2 f5 23. Re5 Rxe5 24. dxe5 b5 25. a5 Kf7 26. Re1 Ke6 27.
Re2 b6 28. axb6 Nxb6 29. Be3 Nd5 30. Bd4 Ra1+ 31. Kf2 Rc1 32. Ra2 Nxc3 33. Ra7
Ne4+ 34. Ke2 Rc2+ 35. Kd3 Rd2+ 36. Ke3 Rxh2 37. Rxg7 Kd5 38. Rd7+ Kc4 39. e6
Rh6 40. e7 Re6 41. Kf4 Nd6 42. Rxd6 Rxe7 43. Bc5 Rg7 44. Rh6 Kd5 45. Kxf5 Rxg3
46. Rxh7 Rf3+ 47. Kg4 Rf6 48. Rd7+ Kc4 49. Rd4+ Kc3 50. Rd6 Rf7 51. Rxc6 Kc4
52. Rd6 Rg7+ 53. Kf5 Rf7+ 54. Ke5 Re7+ 55. Re6 Rd7 56. Rd6 Re7+ 57. Kf6 Re4 58.
Re6 Rh4 59. Ke5 Rh8 60. Kd6 Rh4 61. Kc6 Rg4 62. Rd6 Rh4 63. Rd1 Rh6+ 64. Bd6
Rh5 65. Rc1+ Kb3 66. Bc5 Kb2 67. Re1 Kc3 68. Kxb5 Kb3 69. Re3+ 1-0

[Event "V Open B"]
[Site "Assisi ITA"]
[Date "2010.12.18"]
[Round "4"]
[White "Vincenzi, Marco"]
[Black "Ferri, Fabio"]
[Result "1-0"]
[WhiteElo "2097"]
[BlackElo "1810"]
[PlyCount "53"]
[EventDate "2010.12.17"]

1. e4 d5 2. exd5 Nf6 3. Bb5+ Bd7 4. Be2 Nxd5 5. d4 Bf5 6. Nf3 e6 7. O-O Be7 8.
a3 Nc6 9. c4 Nb6 10. Nc3 Bg4 11. d5 exd5 12. cxd5 Bxf3 13. Bxf3 Ne5 14. Be4 Qd7
15. Re1 f5 16. Bc2 Ng6 17. d6 cxd6 18. Bb3 Ne5 19. f4 Nec4 20. Bxc4 Nxc4 21.
Nd5 Qc6 22. Rxe7+ Kf8 23. Qd4 Qc5 24. Be3 Rg8 25. Qxc5 dxc5 26. Bxc5 Rc8 27.
Rc7+ 1-0

[Event "V Open B"]
[Site "Assisi ITA"]
[Date "2010.12.19"]
[Round "5"]
[White "Balducci, Alessandro"]
[Black "Kehrel, Eike"]
[Result "1/2-1/2"]
[WhiteElo "1743"]
[BlackElo "2072"]
[PlyCount "90"]
[EventDate "2010.12.17"]

1. f4 d5 2. Nf3 Bg4 3. e3 Nd7 4. Be2 c6 5. O-O e6 6. d4 Bd6 7. c4 Nh6 8. c5 Bc7
9. Bd2 O-O 10. b4 a6 11. Nc3 f6 12. Qc2 e5 13. h3 Bxf3 14. Rxf3 e4 15. Rff1 Nf5
16. g4 Ne7 17. a4 h5 18. Be1 Kf7 19. Kg2 hxg4 20. hxg4 Rh8 21. Bg3 Ng6 22. Rh1
Ne7 23. Rxh8 Qxh8 24. Rh1 Qg8 25. Qb3 Kf8 26. Qb1 g5 27. f5 Bxg3 28. Kxg3 Qg7
29. Rh2 Kf7 30. Qh1 Nf8 31. Bd1 Ng8 32. Bb3 Ke8 33. Rh8 Ne7 34. Kg2 Ra7 35. a5
Ra8 36. Na4 Rd8 37. Nb6 Nc8 38. Qh2 Nxb6 39. axb6 Ke7 40. Rh3 Rd7 41. Qb8 Kf7
42. Ba4 Ke7 43. Qc8 Qf7 44. Rh8 Qe8 45. Qxe8+ Kxe8 1/2-1/2

[Event "V Open B"]
[Site "Assisi ITA"]
[Date "2010.12.19"]
[Round "5"]
[White "Bartoli Langeli, Cesare"]
[Black "Orlacchio, Giorgio"]
[Result "0-1"]
[WhiteElo "1410"]
[BlackElo "1428"]
[PlyCount "42"]
[EventDate "2010.12.17"]

1. d4 Nf6 2. Nf3 e6 3. e3 g6 4. Bd3 Bg7 5. c3 O-O 6. O-O d5 7. Nbd2 Nbd7 8. c4
c5 9. Re1 a6 10. e4 dxc4 11. Bxc4 b5 12. Bb3 cxd4 13. Nxd4 Nc5 14. N4f3 Bb7 15.
Bc2 Qc7 16. b4 Ncxe4 17. Bb2 Rfd8 18. Qe2 Nxd2 19. Nxd2 Qxc2 20. Bc1 Ne4 21.
Nxe4 Qxe2 0-1

[Event "V Open B"]
[Site "Assisi ITA"]
[Date "2010.12.19"]
[Round "5"]
[White "Federici, Giacomo"]
[Black "Radatti, Michele"]
[Result "0-1"]
[WhiteElo "1356"]
[BlackElo "1449"]
[PlyCount "112"]
[EventDate "2010.12.17"]

1. d4 Nf6 2. c4 g6 3. Nc3 d5 4. e3 Bg7 5. Nf3 c6 6. Bd3 O-O 7. O-O Bg4 8. c5
Nbd7 9. Be2 Bxf3 10. Bxf3 e5 11. e4 exd4 12. Qxd4 Nxe4 13. Qb4 Nexc5 14. Ne2 a5
15. Qg4 Ne5 16. Qh3 Nxf3+ 17. Qxf3 Ne4 18. Rb1 Qf6 19. Qh3 Rfe8 20. Be3 Qe6 21.
Qf3 Qd6 22. Rfd1 Qf6 23. Qh3 Nd6 24. b3 a4 25. Nd4 c5 26. Nf3 d4 27. Bg5 Qf5
28. g4 Qd5 29. Re1 Rxe1+ 30. Rxe1 axb3 31. axb3 Qxb3 32. Kg2 d3 33. Qh4 Ra4 34.
Bf6 Bf8 35. Be7 Nf5 36. Qg5 Nxe7 37. Rxe7 Bxe7 38. Qxe7 Rxg4+ 39. Kh3 Qe6 40.
Qxe6 fxe6 41. Kxg4 c4 42. Nd2 b5 43. Kf3 e5 44. Ke3 Kf7 45. Ke4 Ke6 46. h3 g5
47. Nf3 h6 48. Ke3 Kf5 49. Nh2 b4 50. Nf3 e4 51. Nd2 c3 52. Nb3 d2 53. Nxd2
cxd2 54. Kxd2 Kf4 55. Kc2 Kf3 56. Kb3 Kxf2 0-1

[Event "V Open B"]
[Site "Assisi ITA"]
[Date "2010.12.19"]
[Round "5"]
[White "Ferri, Fabio"]
[Black "Sorbelli, Massimo"]
[Result "1-0"]
[WhiteElo "1810"]
[BlackElo "1899"]
[PlyCount "91"]
[EventDate "2010.12.17"]

1. c4 Nf6 2. Nc3 e6 3. e4 d6 4. d4 Nbd7 5. Nf3 e5 6. Be2 exd4 7. Nxd4 c6 8. O-O
Nc5 9. Qc2 Ne6 10. Be3 Nxd4 11. Bxd4 Be7 12. Rad1 Qc7 13. f4 O-O 14. e5 dxe5
15. fxe5 Nd7 16. Qe4 Bc5 17. e6 Bxd4+ 18. Rxd4 fxe6 19. Qxe6+ Kh8 20. Rxf8+
Nxf8 21. Qe8 Kg8 22. Rd8 Qf4 23. c5 Bd7 24. Qxd7 Rxd8 25. Qxd8 Qe3+ 26. Kh1
Qxc5 27. Qh4 b5 28. h3 g5 29. Qg4 Qe3 30. Ne4 h6 31. Bd1 Qc1 32. Nf6+ Kf7 33.
Qf3 Kg6 34. Ng4 Nh7 35. Qe4+ Kg7 36. Qe7+ Kh8 37. Qe5+ Kg8 38. Nxh6+ Kf8 39.
Qh8+ Ke7 40. Qxh7+ Kd6 41. Qc2 Qf4 42. Bf3 c5 43. Qd3+ Kc7 44. Qh7+ Kb6 45.
Qb7+ Ka5 46. Qxa7+ 1-0

[Event "V Open B"]
[Site "Assisi ITA"]
[Date "2010.12.19"]
[Round "5"]
[White "Herbert, Michael"]
[Black "Marcugini, Stefano"]
[Result "1-0"]
[WhiteElo "1820"]
[BlackElo "1834"]
[PlyCount "93"]
[EventDate "2010.12.17"]

1. d4 Nf6 2. c4 g6 3. Nc3 Bg7 4. Nf3 O-O 5. Bf4 d6 6. e3 Nh5 7. Bg5 h6 8. Bh4
c5 9. h3 Nc6 10. Be2 cxd4 11. Nxd4 Nxd4 12. exd4 Nf4 13. Bf3 Qc7 14. Bg3 e5 15.
Bxf4 exf4 16. Bd5 Re8+ 17. Kf1 Be6 18. b3 a6 19. Bf3 Rad8 20. Qd2 Qb6 21. Rd1
g5 22. Qd3 f5 23. Bd5 Qa5 24. Bxb7 Re7 25. Bf3 Rde8 26. Kg1 g4 27. hxg4 fxg4
28. Bc6 Bd7 29. Bd5+ Kh8 30. Kf1 g3 31. fxg3 fxg3 32. Qxg3 Rf8+ 33. Kg1 Qb6 34.
Rh4 Qb8 35. Be4 Ref7 36. Bd3 Rg8 37. Qe3 Rf6 38. Qe7 Qf8 39. Qxd7 Rf4 40. Rxf4
Qxf4 41. Kh1 Qxd4 42. Ne2 Qe5 43. Qf5 Qxf5 44. Bxf5 Be5 45. g4 Rf8 46. Kg2 h5
47. Rh1 1-0

[Event "V Open B"]
[Site "Assisi ITA"]
[Date "2010.12.19"]
[Round "5"]
[White "Malek, Dellair"]
[Black "Pulcini, Lorenzo"]
[Result "1-0"]
[WhiteElo "2122"]
[BlackElo "1515"]
[PlyCount "84"]
[EventDate "2010.12.17"]

1. d4 d5 2. c4 e6 3. Nc3 Nf6 4. Nf3 Be7 5. g3 O-O 6. Bg2 Nbd7 7. Ne5 c6 8. cxd5
Nxd5 9. Nd3 Nxc3 10. bxc3 Qc7 11. O-O Bd6 12. f4 c5 13. e4 Rb8 14. e5 Be7 15.
f5 exf5 16. d5 Qb6 17. c4 Qa6 18. Rxf5 b5 19. d6 Bd8 20. cxb5 Qb6 21. Nf4 Qxb5
22. a4 Qc4 23. Bd5 Qd4+ 24. Qxd4 cxd4 25. e6 fxe6 26. Bxe6+ Kh8 27. Rh5 Rf6 28.
Bd2 Bb6 29. a5 Bc5 30. Bxd7 Bxd7 31. Rxc5 Rxd6 32. Nd3 Rc6 33. Rxc6 Bxc6 34.
Nb4 Bb5 35. Re1 Re8 36. Rxe8+ Bxe8 37. Kf2 Bb5 38. Kf3 d3 39. Ke3 Kg8 40. Nxd3
Bxd3 41. Kxd3 Kf7 42. a6 Ke6 1-0

[Event "V Open B"]
[Site "Assisi ITA"]
[Date "2010.12.19"]
[Round "5"]
[White "Romano, Claudio"]
[Black "Rocchetti, Sergio"]
[Result "0-1"]
[WhiteElo "1749"]
[BlackElo "1422"]
[PlyCount "97"]
[EventDate "2010.12.17"]

1. d4 Nf6 2. c4 g6 3. Nc3 d5 4. cxd5 Nxd5 5. e4 Nxc3 6. bxc3 Bg7 7. Be3 e6 8.
Nf3 O-O 9. Qd2 Re8 10. Bh6 Nd7 11. Bc4 c6 12. Bxg7 Kxg7 13. h4 h5 14. Ng5 Qe7
15. O-O Nf8 16. f4 f6 17. Nh3 Bd7 18. Rae1 Qd8 19. Re3 b5 20. Bd3 a5 21. Rg3
Qe7 22. Be2 Kh7 23. Qd1 Qf7 24. f5 exf5 25. e5 Ne6 26. exf6 Qxf6 27. Bxh5 Rg8
28. Bxg6+ Rxg6 29. Qh5+ Rh6 30. Rxf5 Rxh5 31. Rxf6 Bc8 32. Re3 Ra7 33. Rfxe6
Bxe6 34. Rxe6 c5 35. Ng5+ Kg7 36. Nf3 cxd4 37. cxd4 b4 38. Rb6 Rh6 39. Rb5 Rc6
40. Ne1 Rc1 41. Re5 a4 42. Kf2 b3 43. Re2 Rb7 44. axb3 axb3 45. Rb2 Ra1 46. Nd3
Ra2 47. Ke3 Rxb2 48. Nxb2 Ra7 49. Nc4 0-1

[Event "V Open B"]
[Site "Assisi ITA"]
[Date "2010.12.19"]
[Round "5"]
[White "Rybytskyi, Stepan"]
[Black "Bertolini, Ettore"]
[Result "0-1"]
[WhiteElo "1536"]
[BlackElo "1817"]
[PlyCount "96"]
[EventDate "2010.12.17"]

1. e4 c5 2. Bc4 e6 3. Nf3 a6 4. a3 b5 5. Ba2 Bb7 6. d3 g6 7. O-O Bg7 8. c3 Qc7
9. Re1 Ne7 10. Bg5 Nbc6 11. Nbd2 O-O 12. Nf1 h6 13. Be3 d6 14. Qd2 Kh7 15. h3
e5 16. N3h2 f5 17. f4 Rad8 18. Rad1 Na5 19. Ng3 c4 20. exf5 gxf5 21. Nh5 cxd3
22. Qxd3 e4 23. Qe2 Bh8 24. Qf2 Nc4 25. Bxc4 Qxc4 26. Bd4 Qf7 27. Ng3 Nc6 28.
Bxh8 Kxh8 29. Nhf1 Qc7 30. Ne3 Ne7 31. Nh5 d5 32. Nc2 Nc6 33. Nd4 Qf7 34. Ng3
Nxd4 35. Qxd4+ Qf6 36. Qe3 Qg6 37. Qd4+ Kh7 38. Re3 Qf6 39. Qc5 Qd6 40. Qd4
Qxf4 41. Rf1 Qg5 42. Qb6 Rd7 43. h4 Qg4 44. Qe6 Rdf7 45. h5 Rf6 46. Qe7+ R8f7
47. Qc5 f4 48. Qd4 48... Qg7 {...} 0-1

[Event "V Open B"]
[Site "Assisi ITA"]
[Date "2010.12.19"]
[Round "5"]
[White "Schintu, Enrico"]
[Black "Bassini, Massimo"]
[Result "0-1"]
[WhiteElo "1700"]
[BlackElo "1562"]
[PlyCount "80"]
[EventDate "2010.12.17"]

1. d4 g6 2. c4 Bg7 3. Nc3 d6 4. e4 c5 5. Nf3 Nd7 6. Be2 Ngf6 7. O-O O-O 8. d5
Re8 9. Ne1 b6 10. Nd3 a6 11. Be3 Bb7 12. Rb1 Qc7 13. f4 e6 14. Qd2 Re7 15. e5
Ne8 16. exd6 Qxd6 17. Ne4 Qc7 18. Ndf2 exd5 19. cxd5 Nd6 20. Nxd6 Qxd6 21. Bf3
Rae8 22. Rfe1 Nf6 23. Rbd1 Rd7 24. f5 Bxd5 25. Bf4 Rxe1+ 26. Rxe1 Qc6 27. fxg6
hxg6 28. Bg4 Be6 29. Qe2 Bxg4 30. Nxg4 Nxg4 31. Qxg4 Rd8 32. h4 Re8 33. Rd1 Qe6
34. Qg3 Qe2 35. Rd6 Qxb2 36. h5 Qa1+ 37. Kh2 Be5 38. hxg6 Bxd6 39. gxf7+ Kxf7
40. Bxd6 Rh8+ 0-1

[Event "V Open B"]
[Site "Assisi ITA"]
[Date "2010.12.19"]
[Round "5"]
[White "Tortolini, Francesco"]
[Black "Ognibene, Piero"]
[Result "0-1"]
[WhiteElo "1914"]
[BlackElo "1891"]
[PlyCount "68"]
[EventDate "2010.12.17"]

1. e4 e5 2. Nf3 Nc6 3. Bc4 Bc5 4. c3 Nf6 5. d4 exd4 6. e5 d5 7. exf6 dxc4 8.
fxg7 Qe7+ 9. Kf1 Rg8 10. cxd4 Bb6 11. Bh6 Bg4 12. Nbd2 Bxd4 13. Qc2 O-O-O 14.
Re1 Qd6 15. Qxh7 Qd5 16. Nxd4 Nxd4 17. Qe4 Qh5 18. Be3 Bf5 19. Qxd4 Bd3+ 20.
Kg1 Rxd4 21. Bxd4 c5 22. Be5 Qg6 23. h4 f6 24. h5 Qf7 25. Bd6 Qxg7 26. g3 Qg5
27. Ne4 Bxe4 28. Rxe4 Qd5 29. Rhh4 Qxd6 30. Rxc4 Kb8 31. h6 Rh8 32. Rcg4 f5 33.
Rg7 Rxh6 34. Rg8+ Kc7 0-1

[Event "C.to Provinciale RC 2011"]
[Site "Locri ITA"]
[Date "2010.12.26"]
[Round "1"]
[White "Arcidiaco, Francesco"]
[Black "Cortale, Gabriele"]
[Result "1-0"]
[WhiteElo "1602"]
[BlackElo "1485"]
[PlyCount "30"]
[EventDate "2010.12.26"]

1. e4 e5 2. Nf3 d6 3. d4 exd4 4. Qxd4 Nc6 5. Bb5 Bd7 6. Bxc6 Bxc6 7. O-O Nf6 8.
Nc3 g6 9. Bg5 Bg7 10. e5 dxe5 11. Qxe5+ Kf8 12. Rad1 Nd7 13. Qg3 f6 14. Bf4 Rc8
15. Nd4 g5 1-0

[Event "C.to Provinciale RC 2011"]
[Site "Locri ITA"]
[Date "2010.12.26"]
[Round "1"]
[White "Mercuri, Delia"]
[Black "Femia, Diego"]
[Result "1-0"]
[WhiteElo "1571"]
[BlackElo "1386"]
[PlyCount "49"]
[EventDate "2010.12.26"]

1. e4 e5 2. Nf3 Nc6 3. Bb5 Nd4 4. Nxd4 exd4 5. O-O Nf6 6. Qe2 Be7 7. d3 O-O 8.
f4 c6 9. Ba4 d5 10. e5 Ng4 11. Qf3 b5 12. Bb3 a6 13. a4 b4 14. h3 Ne3 15. Bxe3
dxe3 16. Qxe3 Be6 17. f5 d4 18. Qg3 Bxb3 19. cxb3 Qc7 20. Nd2 f6 21. Ne4 fxe5
22. Rae1 Bd6 23. f6 Rae8 24. Nxd6 Qxd6 25. Qxg7# 1-0

[Event "C.to Provinciale RC 2011"]
[Site "Locri ITA"]
[Date "2010.12.26"]
[Round "1"]
[White "Prete, Ugo"]
[Black "Valotta, Massimiliano"]
[Result "0-1"]
[WhiteElo "1497"]
[BlackElo "1856"]
[PlyCount "92"]
[EventDate "2010.12.26"]

1. d4 e6 2. c4 c5 3. d5 d6 4. e4 Ne7 5. Nf3 Ng6 6. Nc3 Be7 7. Be2 O-O 8. O-O e5
9. Ne1 Bg5 10. Nd3 f5 11. f4 fxe4 12. fxg5 exd3 13. Bxd3 Nf4 14. Bxf4 exf4 15.
Qh5 Bf5 16. g6 hxg6 17. Qf3 Bxd3 18. Qxd3 Qf6 19. b3 Nd7 20. Ne4 Qf5 21. Rad1
Ne5 22. Nxd6 Qxd3 23. Rxd3 Nxd3 24. Nxb7 Rab8 25. Na5 Nb4 26. Rf2 g5 27. a3 Nd3
28. Rd2 Ne5 29. d6 Kf7 30. Rd5 Ke6 31. Rxc5 Kxd6 32. Rd5+ Ke6 33. Rd1 Rfd8 34.
Re1 Kf5 35. c5 Rbc8 36. Nb7 f3 37. Nd6+ Rxd6 38. cxd6 f2+ 39. Kxf2 Nd3+ 40. Ke2
Nxe1 41. Kxe1 Ke6 42. Kd2 Kxd6 43. g3 Kd5 44. Kd3 Rb8 45. b4 Rc8 46. a4 Rc4 0-1

[Event "C.to Provinciale RC 2011"]
[Site "Locri ITA"]
[Date "2010.12.26"]
[Round "1"]
[White "Quattrone, Andrea"]
[Black "Varano, Francesco"]
[Result "1-0"]
[WhiteElo "1479"]
[BlackElo "1599"]
[PlyCount "63"]
[EventDate "2010.12.26"]

1. e4 c6 2. d4 d5 3. Nc3 dxe4 4. Nxe4 Bf5 5. Ng3 Bg6 6. Nf3 e6 7. Be2 Nd7 8.
O-O Qc7 9. b3 O-O-O 10. c4 Ngf6 11. Be3 Ne4 12. Nxe4 Bxe4 13. a3 Bxf3 14. Bxf3
Bd6 15. h3 h6 16. d5 exd5 17. cxd5 c5 18. Bxc5 Nxc5 19. b4 b6 20. bxc5 Bxc5 21.
a4 Kb8 22. a5 Qd6 23. axb6 Bxb6 24. Qa4 Rc8 25. Rfb1 Rc7 26. Qa2 Rhc8 27. Bg4
Re8 28. Rxb6+ Qxb6 29. Rb1 Rc1+ 30. Rxc1 Qd4 31. Qa6 Qb6 32. Rc8+ 1-0

[Event "C.to Provinciale RC 2011"]
[Site "Locri ITA"]
[Date "2010.12.26"]
[Round "2"]
[White "Cortale, Gabriele"]
[Black "Prete, Ugo"]
[Result "0-1"]
[WhiteElo "1485"]
[BlackElo "1497"]
[PlyCount "78"]
[EventDate "2010.12.26"]

1. d4 d5 2. c4 c6 3. Nc3 Nf6 4. Nf3 dxc4 5. e4 b5 6. a4 Bd7 7. Ne5 e6 8. Nxd7
Qxd7 9. e5 Nd5 10. axb5 cxb5 11. Be2 Bb4 12. Bd2 Nxc3 13. bxc3 Be7 14. Bf3 Nc6
15. O-O O-O 16. Qb1 Rab8 17. Qe4 Rfc8 18. Rfd1 b4 19. cxb4 Bxb4 20. Bxb4 Rxb4
21. Rac1 Ne7 22. Rb1 Rxb1 23. Qxb1 c3 24. Be4 g6 25. Qb3 Nd5 26. Rc1 Qd8 27.
Ra1 Qb6 28. Qd1 Nb4 29. Rc1 Nd5 30. Rb1 Qc7 31. Qc2 a5 32. Rb5 Nb4 33. Qc1 Qc4
34. Rxa5 Qxd4 35. Bb7 Rc7 36. g3 c2 37. Bf3 Nd3 38. Qh6 Qxf2+ 39. Kh1 Qf1# 0-1

[Event "C.to Provinciale RC 2011"]
[Site "Locri ITA"]
[Date "2010.12.26"]
[Round "2"]
[White "Quattrone, Andrea"]
[Black "Arcidiaco, Francesco"]
[Result "0-1"]
[WhiteElo "1479"]
[BlackElo "1602"]
[PlyCount "84"]
[EventDate "2010.12.26"]

1. e4 e5 2. Nf3 Nc6 3. Bc4 Be7 4. O-O Nf6 5. d3 d6 6. Nc3 Bg4 7. Nd5 Nd4 8. c3
Nxf3+ 9. gxf3 Bh5 10. Ne3 Qd7 11. Nf5 O-O-O 12. Qb3 Bf8 13. Be3 d5 14. Bb5 c6
15. Ba4 b5 16. Qd1 bxa4 17. Qxa4 c5 18. Qxd7+ Rxd7 19. c4 d4 20. Bd2 Bxf3 21.
a3 Be2 22. Rfc1 Bxd3 23. Ng3 Nxe4 24. Ba5 Nxg3 25. hxg3 Rb7 26. b4 f5 27. Re1
e4 28. bxc5 Bxc5 29. Bd2 h6 30. Bf4 Re8 31. Rad1 Kd7 32. f3 g5 33. fxe4 fxe4
34. Bd2 Bxa3 35. Kh2 Rb2 36. Kh3 Rxd2 37. Rxd2 Bb4 38. Rxd3 exd3 39. Rd1 d2 40.
Rb1 a5 41. c5 Re1 42. c6+ Kxc6 0-1

[Event "C.to Provinciale RC 2011"]
[Site "Locri ITA"]
[Date "2010.12.26"]
[Round "2"]
[White "Valotta, Massimiliano"]
[Black "Mercuri, Delia"]
[Result "1/2-1/2"]
[WhiteElo "1856"]
[BlackElo "1571"]
[PlyCount "55"]
[EventDate "2010.12.26"]

1. d4 d5 2. g3 e6 3. Bg2 Nf6 4. Nf3 Bd6 5. O-O O-O 6. Re1 b6 7. Nbd2 Bb7 8. c4
c5 9. cxd5 Nxd5 10. e4 Nb4 11. Nc4 cxd4 12. Nxd6 Qxd6 13. a3 N4c6 14. e5 Qd7
15. b4 h6 16. Re4 f6 17. exf6 Rxf6 18. Nxd4 e5 19. Qb3+ Kh8 20. Nb5 a6 21. Nc3
Nd4 22. Qd1 Bxe4 23. Nxe4 Rf8 24. Be3 Qf7 25. Nd6 Nf3+ 26. Kh1 Qf6 27. Qd5 Nd7
28. Ne4 1/2-1/2

[Event "C.to Provinciale RC 2011"]
[Site "Locri ITA"]
[Date "2010.12.26"]
[Round "2"]
[White "Varano, Francesco"]
[Black "Futia, Mario"]
[Result "1-0"]
[WhiteElo "1599"]
[BlackElo "1389"]
[PlyCount "39"]
[EventDate "2010.12.26"]

1. c4 Nf6 2. Nc3 g6 3. d4 Bg7 4. Bg5 O-O 5. Qd2 d6 6. h4 e5 7. d5 c6 8. Bh6 Ne8
9. h5 b5 10. hxg6 fxg6 11. dxc6 Nxc6 12. Qd5+ Rf7 13. Bxg7 Nb4 14. Qxa8 Nc2+
15. Kd2 Nxa1 16. Bh6 Rxf2 17. Nf3 bxc4 18. Qd5+ Kh8 19. Qf7 Qd7 20. Qf8# 1-0

[Event "C.to Provinciale RC 2011"]
[Site "Locri ITA"]
[Date "2010.12.27"]
[Round "3"]
[White "Arcidiaco, Francesco"]
[Black "Valotta, Massimiliano"]
[Result "0-1"]
[WhiteElo "1602"]
[BlackElo "1856"]
[PlyCount "94"]
[EventDate "2010.12.26"]

1. e4 c5 2. Nf3 g6 3. d4 Bg7 4. c3 Qa5 5. dxc5 Qxc5 6. Be3 Qc6 7. Bd3 Nf6 8.
Nbd2 O-O 9. O-O d6 10. Nd4 Qd7 11. h3 Nc6 12. f4 a6 13. f5 Ne5 14. N2f3 Nxd3
15. Qxd3 e5 16. fxe6 fxe6 17. Ng5 Qe7 18. Rad1 Bd7 19. Ngf3 Rad8 20. Bg5 h6 21.
Be3 e5 22. Ne2 Bc6 23. Ng3 b5 24. c4 Qb7 25. cxb5 axb5 26. Nd2 Kh7 27. Qc2 Rc8
28. Qd3 Rfd8 29. b4 d5 30. exd5 Nxd5 31. Qb3 Nxe3 32. Qxe3 Bxg2 33. Rf2 Bxh3
34. Nge4 Bf5 35. Rdf1 Rd4 36. Ng3 Rd3 37. Nxf5 Rxe3 38. Nxe3 Qa7 39. Ng4 h5 40.
Nh2 Rf8 41. Ne4 Qe3 42. Nc5 Rxf2 43. Rxf2 Qe1+ 44. Nf1 Qxb4 45. Nd3 Qg4+ 46.
Kh2 e4 47. Rf4 Be5 0-1

[Event "C.to Provinciale RC 2011"]
[Site "Locri ITA"]
[Date "2010.12.27"]
[Round "3"]
[White "Mercuri, Delia"]
[Black "Varano, Francesco"]
[Result "0-1"]
[WhiteElo "1571"]
[BlackElo "1599"]
[PlyCount "56"]
[EventDate "2010.12.26"]

1. e4 c6 2. d4 d5 3. exd5 cxd5 4. Nc3 Nf6 5. Bf4 a6 6. Nf3 Bg4 7. Be2 e6 8. Ne5
Bxe2 9. Qxe2 Nbd7 10. O-O Bb4 11. Bg5 Qc7 12. Nxd7 Kxd7 13. Nd1 Ne4 14. f4 Bd6
15. c4 Qxc4 16. Qe3 Nxg5 17. fxg5 Bxh2+ 18. Kh1 Qxf1+ 19. Kxh2 Rac8 20. Qb3 Rc7
21. Rb1 Qf4+ 22. Kh1 Qh4+ 23. Kg1 Qxd4+ 24. Ne3 Rhc8 25. Rd1 Rc1 26. Qxb7+ R8c7
27. Qb3 Rxd1+ 28. Kf2 Rd3 0-1

[Event "C.to Provinciale RC 2011"]
[Site "Locri ITA"]
[Date "2010.12.27"]
[Round "4"]
[White "Femia, Diego"]
[Black "Cortale, Gabriele"]
[Result "0-1"]
[WhiteElo "1386"]
[BlackElo "1485"]
[PlyCount "42"]
[EventDate "2010.12.26"]

1. e4 e5 2. Nf3 d6 3. Bc4 Nc6 4. Ng5 Qxg5 5. Qf3 Qf6 6. O-O Qxf3 7. gxf3 Bh3 8.
Re1 Nf6 9. Bd5 Nxd5 10. exd5 Nd4 11. b3 Nxc2 12. Rd1 Nxa1 13. Bb2 Nc2 14. Rc1
Nd4 15. Bxd4 exd4 16. Rxc7 Be7 17. Rxb7 Bg5 18. d3 O-O 19. Na3 Rfe8 20. Nc2
Rac8 21. Nxd4 Re1# 0-1

[Event "C.to Provinciale RC 2011"]
[Site "Locri ITA"]
[Date "2010.12.27"]
[Round "4"]
[White "Mercuri, Delia"]
[Black "Quattrone, Andrea"]
[Result "0-1"]
[WhiteElo "1571"]
[BlackElo "1479"]
[PlyCount "144"]
[EventDate "2010.12.26"]

1. e4 e5 2. Nf3 Nc6 3. Bb5 a6 4. Ba4 Nf6 5. O-O Nxe4 6. Bxc6 bxc6 7. Nxe5 Be7
8. d4 O-O 9. c3 Bb7 10. f3 Nf6 11. Be3 d5 12. Nd2 Nd7 13. f4 Rb8 14. Ndf3 Nf6
15. Rb1 Ne4 16. Nd2 f5 17. Nxe4 fxe4 18. Qg4 Qe8 19. Qe6+ Kh8 20. Qd7 Qd8 21.
Qe6 Qe8 22. Qd7 Qd8 23. Qh3 Qe8 24. f5 Kg8 25. Rf2 Bd6 26. Bf4 c5 27. Rbf1 Bc8
28. g4 cxd4 29. cxd4 c5 30. Qc3 cxd4 31. Qxd4 Rb5 32. Nd3 Be7 33. a4 Ra5 34. b4
Rxa4 35. Qxd5+ Rf7 36. Qxe4 Qd7 37. Rc2 Bb7 38. Qc4 a5 39. Ne5 Qe8 40. Nxf7
Qxf7 41. Qxf7+ Kxf7 42. Rc7 Rxb4 43. Bd6 Rxg4+ 44. Kf2 Rg2+ 45. Ke1 Ba6 46.
Rxe7+ Kg8 47. Rf2 Rg1+ 48. Kd2 Rb1 49. Be5 Rg1 50. Bc3 a4 51. f6 gxf6 52. Bxf6
h5 53. h4 Bc4 54. Re4 Bb3 55. Re1 Rg4 56. Re8+ Kh7 57. Rfe2 Kg6 58. Bg5 a3 59.
Rf2 Rg1 60. Rf6+ Kg7 61. Re7+ Kg8 62. Re1 Rg2+ 63. Kc3 Rb2 64. Bc1 Rb1 65. Re8+
Kg7 66. Rb6 Rxc1+ 67. Kb4 a2 68. Kxb3 a1=Q 69. Re7+ Kf8 70. Reb7 Qc3+ 71. Ka4
Ra1+ 72. Kb5 Ra5# 0-1

[Event "C.to Provinciale RC 2011"]
[Site "Locri ITA"]
[Date "2010.12.27"]
[Round "4"]
[White "Varano, Francesco"]
[Black "Arcidiaco, Francesco"]
[Result "1/2-1/2"]
[WhiteElo "1599"]
[BlackElo "1602"]
[PlyCount "137"]
[EventDate "2010.12.26"]

1. c4 e5 2. g3 Nf6 3. Nc3 Bc5 4. Bg2 Nc6 5. a3 a5 6. e3 O-O 7. Nge2 Re8 8. O-O
Ne7 9. d4 exd4 10. exd4 Ba7 11. Bg5 Ng6 12. Nd5 c6 13. Nxf6+ gxf6 14. Be3 d6
15. Qc2 Bg4 16. Nf4 Rc8 17. Be4 Kg7 18. Bf5 Bf3 19. Bxc8 Qxc8 20. Qd3 Nxf4 21.
Bxf4 Be2 22. Qd2 Bxf1 23. Kxf1 Qh3+ 24. Kg1 Qg4 25. Qd1 Qxd1+ 26. Rxd1 Re2 27.
b4 axb4 28. axb4 c5 29. bxc5 dxc5 30. d5 Kf8 31. Bc7 Ke8 32. Rb1 b6 33. Bxb6
Bxb6 34. Rxb6 Rc2 35. Rxf6 Rxc4 36. Rc6 Kd7 37. Rh6 Rc1+ 38. Kg2 c4 39. Rc6 c3
40. h4 c2 41. Kf3 Ke7 42. Ke2 Kd7 43. Kf3 Ke7 44. Kg4 f6 45. Kh5 Rd1 46. Rxc2
Rxd5+ 47. Kg4 Kf7 48. Re2 Kg6 49. Re3 h5+ 50. Kh3 Kf5 51. Rf3+ Kg6 52. Rf4 f5
53. Kg2 Rd3 54. Rf3 Rd4 55. Re3 Kf6 56. Kf3 Ra4 57. Rd3 Kg7 58. Ke3 Re4+ 59.
Kf3 Ra4 60. Kg2 Kg6 61. Rf3 Kf6 62. Rf4 Ra3 63. f3 Kg6 64. Kh3 Kf6 65. Kg2 Ra2+
66. Kf1 Ra1+ 67. Ke2 Ra2+ 68. Kf1 Kg6 69. g4 1/2-1/2

[Event "C.to Provinciale RC 2011"]
[Site "Locri ITA"]
[Date "2010.12.28"]
[Round "5"]
[White "Arcidiaco, Francesco"]
[Black "Femia, Diego"]
[Result "1-0"]
[WhiteElo "1602"]
[BlackElo "1386"]
[PlyCount "59"]
[EventDate "2010.12.26"]

1. e4 e5 2. Nf3 d6 3. d4 Nf6 4. Nc3 Nc6 5. Bg5 Be7 6. Be2 Bg4 7. d5 Nd4 8. Nxd4
Bxe2 9. Ndxe2 O-O 10. f3 c6 11. O-O Qb6+ 12. Kh1 Qxb2 13. Rb1 Qa3 14. Rxb7 Rfe8
15. Bxf6 Bxf6 16. dxc6 Qa6 17. Qd5 Rf8 18. Qxd6 Rac8 19. Rc7 Be7 20. Qxe7 Rcd8
21. Qxe5 Rd2 22. Re1 Rfd8 23. h3 Rc8 24. Qf4 Rf8 25. a4 Qb6 26. Nd5 Qb8 27. Rd7
Qxf4 28. Ndxf4 Rxd7 29. cxd7 Rd8 30. Rd1 1-0